000 00705cam a2200253 4500
001 J106125
008 000000n1997 000 0 eng u
035 _a(Sirsi) u106125
050 _a692.8
100 _aAtkinson, Andy
245 _aSecuring the contractor's contribution to buildability in design.
260 _aLondon
_bCIRIA
_c1997
300 _a100p. ; 30cm.
350 _a5.00
490 _aCIRIA Project Report
_v27
650 _aDESIGN
650 _aCONTRACTORS
650 _aBUILDABILITY
650 _aCONSTRUCTION PROCESS
690 _aBUILT ENVIRONMENT
700 _aCavilla, John
710 _aConstruction Industry Research and Information Association
_94810
942 _n0
999 _c100522
_d100522